banner koha

Evaluation of resistance to Tomato severe rugose virus (ToSRV)in Capisicum spp. genotypes (Registro n. 224902)

MARC details
000 -LÍDER
campo de controle de tamanho fixo 00947nas a2200325 4500
001 - NÚMERO DE CONTROLE
campo de controle BR2012009925
003 - IDENTIFICADOR DO NÚMERO DE CONTROLE
campo de controle BR-BrBNA
005 - DATA E HORÁRIO DA ÚLTIMA TRANSAÇÃO
campo de controle 20231205121724.0
007 - CAMPO FIXO DE DESCRIÇÃO FÍSICA--INFORMAÇÃO GERAL
campo de controle de tamanho fixo ta
008 - CAMPO DE DADOS FIXOS--INFORMAÇÃO GERAL
campo de controle de tamanho fixo 230509b bl.|||p| |||| 00| 00por d
040 ## - FONTE DA CATALOGAÇÃO
Instituição da catalogação original BR-BrBNA
Idioma da catalogação por
Instituição que transcreveu o registro Biblioteca Nacional de Agricultura
041 ## - CÓDIGO DE IDIOMA
Código do idioma do texto/trilha sonora ou título diferente (En)
072 ## - CÓDIGO DE CATEGORIA DE ASSUNTO
Código de Categoria de Assunto H20
100 1# - ENTRADA PRINCIPAL--NOME PESSOAL
Nome pessoal Rocha, K.C.G.
100 1# - ENTRADA PRINCIPAL--NOME PESSOAL
Nome pessoal Marabayashi, J.M.
100 1# - ENTRADA PRINCIPAL--NOME PESSOAL
Nome pessoal Mituti, T.
100 1# - ENTRADA PRINCIPAL--NOME PESSOAL
Nome pessoal Gioria, R.
100 1# - ENTRADA PRINCIPAL--NOME PESSOAL
Nome pessoal Kobori, R.F.
100 1# - ENTRADA PRINCIPAL--NOME PESSOAL
Nome pessoal Melo, A.M.T.
100 1# - ENTRADA PRINCIPAL--NOME PESSOAL
Nome pessoal Pavan W.A.
100 1# - ENTRADA PRINCIPAL--NOME PESSOAL
Nome pessoal Krause-Sakate, R.
245 1# - TÍTULO
Título Evaluation of resistance to Tomato severe rugose virus (ToSRV)in Capisicum spp. genotypes
650 ## - ASSUNTO--TERMO TÓPICO
Cabeçalho tópico ou nome geográfico PIMENTÃO
650 ## - ASSUNTO--TERMO TÓPICO
Cabeçalho tópico ou nome geográfico VIRUS
650 ## - ASSUNTO--TERMO TÓPICO
Cabeçalho tópico ou nome geográfico MOSCA
650 ## - ASSUNTO--TERMO TÓPICO
Cabeçalho tópico ou nome geográfico VARIEDADE RESISTENTE
773 0# - ENTRADA ANALÍTICA
Título Tropical Plant Pathology (Brazil)
ISSN - International Standard Serial Number ISSN 1982-5676
Partes relacionadas (Sep-Oct 2012), v. 37(5) p. 314-318
Número de controle do registro BR2012009925
909 ## -
-- 202311
-- Lúcia
-- 55
-- Lúcia Elande
942 ## - ELEMENTOS DE ENTRADA ADICIONADOS (KOHA)
Fonte da classificação ou esquema de arquivamento na estante Classificação AGRIS
Ocultar no OPAC Não
Tipo de material Koha Analítica
Exemplares
Situação do descarte Fonte da classificação ou esquema de arquivamento na estante Situação física Não pode ser emprestado Biblioteca de origem Biblioteca atual Localização na estante Enumeração do periódico / cronologia Total de empréstimos Data de último acesso Número do exemplar Tipo de material Koha Fonte de aquisição
  Classificação AGRIS   Consulta local Biblioteca Nacional de Agricultura - Binagri Biblioteca Nacional de Agricultura - Binagri   (Sep-Oct 2012), v. 37(5) p. 314-318   29/11/2023 01 Periódicos Portaria Interministerial nº 164/94

BINAGRI

Telefone: (61)3218-2567/2388/3357/2097 - binagri@agro.gov.br

Ministério da Agricultura e Pecuária , Esplanada dos Ministérios, Bloco D, Anexo B, Brasília/DF, CEP: 70.043-900